Sviatok učiteľa i žiačky

Bibliographic Details
Main Authors: Kittnarová, Elena, 1931-2012 (Author), Demeková, Adela (Author)
Format: Article
Language:Slovak
Subjects:

MARC

LEADER 00000nab a2200000 a 4500
001 vtls000419978
003 SK-MaSNL
005 20260302235219.0
008 160215c1991 xo 0 slo
015 |a SNBRB19rr/mm-uuuuu 
035 |a CL0420106 
040 |a SNKBUCL  |b slo  |c SNKBUCL  |e AACR2 
041 0 |a slo 
044 |a xo  |c SK 
080 |a 78.071.2:792.5  |2 1981 
080 |a 792.5  |2 1981 
080 |a 929 Kittnarová, Elena  |2 1981 
100 1 |a Kittnarová, Elena,  |d 1931-2012  |4 aut  |9 111791 
245 1 0 |a Sviatok učiteľa i žiačky  |c Elena Kittnarová, Adela Demeková 
300 |b Obr. 1. 
600 1 7 |a Kittnarová, Elena,  |d 1931-2012  |2 snkbucl  |9 111791 
655 7 |a rozhovory  |2 snkbucl  |9 31831 
655 7 |a články z novín a časopisov  |2 snkbucl  |9 267496 
700 1 |a Demeková, Adela  |4 aut  |9 265566 
773 0 |t Smena  |g Roč. 44, č. 128 (3. 6. 1991), s. 1 a 4 
850 |a Slovenská národná knižnica v Martine  |a MTA001 
852 |a SNK  |b KIS3GCP 
958 |a BX 
958 |a RK 
992 |a RBX 
999 |c 1553607  |d 1555537